Six sigma and the product development cycle (Record no. 147526)

MARC details
000 -LEADER
fixed length control field 00509nam a2200205Ia 4500
003 - CONTROL NUMBER IDENTIFIER
control field OSt
005 - DATE AND TIME OF LATEST TRANSACTION
control field 20250923160641.0
008 - FIXED-LENGTH DATA ELEMENTS--GENERAL INFORMATION
fixed length control field 210210b2005 xxu||||| |||| 00| 0 eng d
020 ## - INTERNATIONAL STANDARD BOOK NUMBER
International Standard Book Number 0750662182
040 ## - CATALOGING SOURCE
Transcribing agency AL
041 ## - LANGUAGE CODE
Language code of text/sound track or separate title eng
082 ## - DEWEY DECIMAL CLASSIFICATION NUMBER
Classification number 658.562 WILS
100 ## - MAIN ENTRY--PERSONAL NAME
Personal name Graham Wilson
9 (RLIN) 240285
245 ## - TITLE STATEMENT
Title Six sigma and the product development cycle
260 ## - PUBLICATION, DISTRIBUTION, ETC.
Place of publication, distribution, etc. Amsterdam
Name of publisher, distributor, etc. Elseveir
Date of publication, distribution, etc. 2005
300 ## - PHYSICAL DESCRIPTION
Extent ix,234p
690 ## - LOCAL SUBJECT ADDED ENTRY--TOPICAL TERM (OCLC, RLIN)
Topical term or geographic name as entry element Total Quality Management
9 (RLIN) 240286
906 ## - LOCAL DATA ELEMENT F, LDF (RLIN)
a 066237
942 ## - ADDED ENTRY ELEMENTS (KOHA)
Source of classification or shelving scheme Dewey Decimal Classification
Koha item type Book
Holdings
Withdrawn status Lost status Source of classification or shelving scheme Damaged status Not for loan Collection code Home library Current library Date acquired Source of acquisition Cost, normal purchase price Total Checkouts Full call number Barcode Date last seen Price effective from Koha item type
    Dewey Decimal Classification   Reference Book Commerce St Aloysius Library St Aloysius Library 02/17/2021 Info Book Dist, Bangalore. 3370.91   658.562 WILS 066237 02/17/2021 02/17/2021 Book